=LDR 00000nam 2200000 4500 =001 INLIS000000000013957 =005 20130612105252 =008 ***********************************Ind** =035 ##$$0010-061300000013957 =041 ##$$a Ind =082 ##$$a 892.7 =090 ##$$a 892.7, Gib p =100 ##$$a Gibran, Kahlil =245 ##$$a Panggung fana, Kahlil Gibran ; Penerjemah, A.Fajar Nugroho =260 ##$$a 2002 $b Yogyakarta =300 ##$$a 149 hlm, 20 cm =650 ##$$a Kesusastraan Arab =700 ##$$a Nugroho, A.fajar =850 ##$$a NBPNMAT